Library Banner

Textbook of matrix algebra (Record no. 63943)

MARC details
000 -LEADER
fixed length control field 00445nam a2200181Ia 4500
001 - CONTROL NUMBER
control field 63339
008 - FIXED-LENGTH DATA ELEMENTS--GENERAL INFORMATION
fixed length control field 150108s9999 xx 000 0 und d
020 ## - INTERNATIONAL STANDARD BOOK NUMBER
International Standard Book Number 9788120346239
040 ## - CATALOGING SOURCE
Transcribing agency PK-LaUMT
082 ## - DEWEY DECIMAL CLASSIFICATION NUMBER
Classification number 512.9434
Item number BIS-T
100 ## - MAIN ENTRY--PERSONAL NAME
Personal name Biswas, Suddhendu
245 ## - TITLE STATEMENT
Title Textbook of matrix algebra
Statement of responsibility, etc Biswas, Suddhendu
250 ## - EDITION STATEMENT
Edition statement 3rd
260 ## - PUBLICATION, DISTRIBUTION, ETC. (IMPRINT)
Place of publication, distribution, etc New Delhi,India:
Name of publisher, distributor, etc phi Learning,
Date of publication, distribution, etc 2012
300 ## - PHYSICAL DESCRIPTION
Extent 444 p.
546 ## - LANGUAGE NOTE
Language note EN
942 ## - ADDED ENTRY ELEMENTS (KOHA)
Koha item type Books
Holdings
Withdrawn status Lost status Damaged status Not for loan Home library Current library Date acquired Total Checkouts Full call number Barcode Date last seen Price effective from Koha item type
        UMT Main Campus UMT Main Campus 2015-01-08   512.9434 BIS-T 86513 2015-01-08 2015-01-08 Books